Công tác cán bộ ở Văn phòng Trung ương Đảng cộng sản Việt Nam /

Сохранить в:
Библиографические подробности
Главный автор: Nguyễn Minh Chương.
Формат: Статья
Язык:Vietnamese
Предметы:
Метки: Добавить метку
Нет меток, Требуется 1-ая метка записи!
Thư viện lưu trữ: Thư viện Trường Đại học Đà Lạt
LEADER 00803nam a2200277 4500
001 DLU090089270
005 ##20090526
040 # # |a DLU  |b vie 
041 # # |a vie 
044 # # |a vn 
100 # # |a Nguyễn Minh Chương. 
245 # # |a Công tác cán bộ ở Văn phòng Trung ương Đảng cộng sản Việt Nam /  |c Nguyễn Minh Chương. 
653 # # |a Cán bộ 
653 # # |a Công tác 
653 # # |a Trung ương Đảng 
653 # # |a Văn phòng  
773 # # |t Lịch sử Đảng  |g Số 10, 2002, tr. 15-18 
920 # # |a Phòng Tạp chí -- Trung tâm Thông tin - Thư viện Trường Đại học Đà Lạt 
994 # # |a DLU 
900 # # |a True 
911 # # |a Nguyễn Thị Mai Anh 
925 # # |a G 
926 # # |a A 
927 # # |a BB 
980 # # |a Thư viện Trường Đại học Đà Lạt